Petit Bac #69 - Métro Toulousain - Statistiques

Statistiques générales
  • Ce quiz a été pris 297 fois
  • Le résultat moyen est 10 sur 13
Statistiques - réponses
1ère lettre Station % Correct
C Canal-du-Midi / Capitole / Carmes / Compans-Caffarelli
90%
J Jean-Jaurès / Jeanne-d’Arc / Jolimont
90%
B Bagatelle / Balma - Gramont / Barrière-de-Paris / Basso Cambo / Bellefontaine / Borderouge
87%
R Ramonville / Rangueil / Reynerie / Roseraie
84%
M Marengo - SNCF / Mermoz / Minimes - Claude-Nougaro / Mirail - Université
81%
S Saint-Agne - SNCF / Saint-Cyprien - République / Saint-Michel - Marcel Langer / Saouzelong
79%
E Empalot / Esquirol
78%
F Faculté de Pharmacie / Fontaine-Lestang / François Verdier
76%
A Arènes / Argoulets
75%
U Université-Paul-Sabatier
70%
P Palais-de-Justice / Patte-d'Oie
66%
L La Vache
65%
T Trois-Cocus
65%
Aucun quiz correspondant
Distribution des résultats
% des personnes avec chaque résultat
Percentile par nombre de réponses
Votre historique - résultats
Vous n’avez pas pris ce quiz